00351nam a2200121Ia 4500008004100000040001600041041001200057082001800069100002100087245007800108260002700186300001600213230917s9999||||xx |||||||||||||| ||und|| e59074aMAIN aEnglish a491.209 B436P aBenefey, Theodor 0aPractical grammar of the Sanskrit language: For the use of early students aDelhibBharatiyac1979 avii, 295 p.